000 00386nam a2200157Ia 4500
008 231217s9999 xx 000 0 und d
020 _a791000000000
041 _aEnglish
082 _a650 SEK;2 R1
100 _aSekhar, R C.
245 0 _aEthical choices in business
260 _c2002
_bIcfai
_aHyderabad
300 _a308
650 _aEthical,choices,business
942 _cAA
999 _c188732
_d188732